Normal view MARC view
  • Basham, A. L.

Entry Personal Name

Number of records used in: 5

001 - CONTROL NUMBER

  • control field: 6724

003 - CONTROL NUMBER IDENTIFIER

  • control field: NUST

005 - DATE AND TIME OF LATEST TRANSACTION

  • control field: 20171123104018.0

008 - FIXED-LENGTH DATA ELEMENTS

  • fixed length control field: 171123|| aca||aabn | a|a d

040 ## - CATALOGING SOURCE

  • Original cataloging agency: NUST
  • Transcribing agency: NUST

100 ## - HEADING--PERSONAL NAME

  • Personal name: Basham, A. L.

670 ## - SOURCE DATA FOUND

  • Source citation: Work cat.: (NUST)0: Basham, A. L., The wonder that was India:, 2004
© 2023 Central Library, National University of Sciences and Technology. All Rights Reserved.